01409nam a2200337 a 4500001001200000003000800012006001900020007001500039008004100054020001800095020002700113040002100140035002100161043002100182050002800203100002100231245015000252260003400402300001700436490005400453504005100507533015200558650005300710650004100763650002400804655002900828710001700857830005200874856012600926999001901052ebr10554333CaPaEBRm u cr cn|||||||||120503s2012 enk sb 001 0 eng d z9781848857759 z9780857720962 (e-book) aCaPaEBRcCaPaEBR a(OCoLC)781775436 aa-ii---aaz-----14aHV6433.4.I4bM34 2012eb1 aMahadevan, Prem.14aThe politics of counterterrorism in Indiah[electronic resource] :bstrategic intelligence and national security in South Asia /cPrem Mahadevan. aLondon :bI.B. Tauris,c2012. axvii, 297 p.1 aInternational library of security studies ;vv. 2 aIncludes bibliographical references and index. aElectronic reproduction.bPalo Alto, Calif. :cebrary,d2011.nAvailable via World Wide Web.nAccess may be limited to ebrary affiliated libraries. 0aTerrorismzIndiaxPreventionxPolitical aspects. 0aSecurity, InternationalzSouth Asia. 0aSeparatistszIndia. 7aElectronic books.2local2 aebrary, Inc. 0aInternational library of security studies ;v2.40uhttp://site.ebrary.com/lib/rucke/Doc?id=10554333zAn electronic book accessible through the World Wide Web; click to view c197700d197700